[Event "FRA-ch Blitz Online Qual"]
[Site "Europe Echecs INT"]
[Date "2020.05.16"]
[Round "15"]
[White "Brunner, Nicolas"]
[Black "Ciccoli, Theo"]
[Result "1-0"]
[WhiteElo "2428"]
[BlackElo "2178"]
[PlyCount "101"]
[EventDate "2020.05.16"]
[EventType "swiss (blitz)"]
[EventRounds "15"]
[EventCountry "FRA"]
[SourceTitle "CBM 196 Extra"]
[Source "ChessBase"]
[SourceDate "2020.07.31"]
[SourceVersion "1"]
[SourceVersionDate "2020.07.31"]
[SourceQuality "1"]

1. d4 Nf6 2. c4 c5 3. d5 b5 4. cxb5 a6 5. bxa6 g6 6. Nc3 Bxa6 7. e4 Bxf1 8. Kxf1 d6 9. g3 Bg7 10. Kg2 0-0 11. Nf3 Nbd7 12. a4 Ra6 13. Qc2 Ng4 14. h3 Nge5 15. Nd2 Qa5 16. f4 c4 17. fxe5 Nxe5 18. Nb5 Rc8 19. Nb1 Nd3 20. N1c3 Qb6 21. Rf1 Be5 22. Bf4 Bf6 23. Qd2 Nc5 24. Be3 Qb7 25. Qe2 Nd3 26. Rab1 Raa8 27. Bd4 Ne5 28. Ra1 Ra5 29. g4 h6 30. Rf2 Kg7 31. Raf1 Raa8 32. h4 g5 33. hxg5 hxg5 34. Rh1 Rh8 35. Rff1 Qd7 36. Kg3 Rab8 37. Nd1 c3 38. bxc3 Rbc8 39. Ne3 Kg6 40. Nf5 Rcg8 41. Rh5 Rxh5 42. gxh5+ Kh7 43. a5 Ra8 44. Ra1 Qc8 45. Bb6 Ra6 46. Ra3 g4 47. Nbd4 Kg8 48. Nc6 Nxc6 49. dxc6 Be5+ 50. Kxg4 Qd7 51. cxd7 1-0

[Event "FRA-ch Blitz Online Qual"]
[Site "Europe Echecs INT"]
[Date "2020.05.16"]
[Round "9"]
[White "Fischler, Oscar"]
[Black "Ciccoli, Theo"]
[Result "1/2-1/2"]
[WhiteElo "1864"]
[BlackElo "2178"]
[PlyCount "66"]
[EventDate "2020.05.16"]
[EventType "swiss (blitz)"]
[EventRounds "15"]
[EventCountry "FRA"]
[SourceTitle "CBM 196 Extra"]
[Source "ChessBase"]
[SourceDate "2020.07.31"]
[SourceVersion "1"]
[SourceVersionDate "2020.07.31"]
[SourceQuality "1"]

1. Nf3 c5 2. c4 Nc6 3. Nc3 g6 4. g3 Bg7 5. Bg2 e5 6. d3 Nge7 7. 0-0 0-0 8. Nd5 d6 9. Bd2 Be6 10. Nxe7+ Nxe7 11. Qc1 Nf5 12. e4 Nd4 13. Nxd4 cxd4 14. Bh6 Qa5 15. Bxg7 Kxg7 16. Qe1 Qc5 17. b4 Qc7 18. Qd2 a5 19. a3 f5 20. exf5 gxf5 21. f4 Kh8 22. fxe5 dxe5 23. c5 Bd7 24. Bh3 Qc6 25. Bg2 Qc7 26. Bh3 Rf6 27. Rf2 Raf8 28. Raf1 Qc6 29. Qe2 Qe6 30. Re1 Re8 31. Ref1 Ref8 32. Re1 Re8 33. Ref1 Ref8 1/2-1/2

[Event "FRA-ch U14"]
[Site "Agen"]
[Date "2018.04.18"]
[Round "5"]
[White "Ciccoli, Theo"]
[Black "Girel, Joseph"]
[Result "1/2-1/2"]
[WhiteElo "2126"]
[BlackElo "1969"]
[PlyCount "61"]
[EventDate "2018.04.15"]
[EventType "swiss"]
[EventRounds "9"]
[EventCountry "FRA"]
[SourceTitle "EXT 2019"]
[Source "ChessBase"]
[SourceDate "2018.10.10"]
[SourceVersion "1"]
[SourceVersionDate "2018.10.10"]
[SourceQuality "1"]

1. d4 Nf6 2. Nf3 g6 3. Nc3 d5 4. Bf4 Bg7 5. e3 a6 6. Be2 0-0 7. Ne5 Nbd7 8. h4 c5 9. h5 b5 10. hxg6 hxg6 11. Nc6 Qe8 12. dxc5 e5 13. Bg5 Nxc5 14. Nxd5 Nxd5 15. Qxd5 Bb7 16. Qxc5 Qxc6 17. Qxc6 Bxc6 18. 0-0 f6 19. Bh4 g5 20. Bg3 f5 21. Rad1 f4 22. Bh2 Rf6 23. Rd2 Bf8 24. exf4 gxf4 25. Rfd1 Ra7 26. Bg4 Rg7 27. Bh3 Rh6 28. Kf1 f3 29. Bg3 fxg2+ 30. Bxg2 Bxg2+ 31. Kxg2 1/2-1/2

[Event "FRA-ch U12"]
[Site "Pau"]
[Date "2015.05.01"]
[Round "7"]
[White "Ciccoli, Theo"]
[Black "Meric, Geoffrey"]
[Result "1/2-1/2"]
[WhiteElo "1919"]
[BlackElo "1476"]
[PlyCount "93"]
[EventDate "2015.04.26"]
[EventType "swiss"]
[EventRounds "9"]
[EventCountry "FRA"]
[SourceTitle "CBM 166 Extra"]
[Source "ChessBase"]
[SourceDate "2015.06.18"]
[SourceVersion "1"]
[SourceVersionDate "2015.06.18"]
[SourceQuality "1"]

1. d4 Nf6 2. Nf3 g6 3. c4 Bg7 4. Nc3 0-0 5. e4 d6 6. Be2 e5 7. 0-0 Nc6 8. d5 Ne7 9. Ne1 Nd7 10. Be3 f5 11. f3 f4 12. Bf2 g5 13. a4 a5 14. Nd3 h5 15. c5 Nf6 16. cxd6 cxd6 17. b4 Ng6 18. Rb1 g4 19. bxa5 h4 20. Bb6 Qe7 21. fxg4 h3 22. gxh3 Nh7 23. Nb5 Ng5 24. Bf3 Nh4 25. Ne1 Nxh3+ 26. Kh1 Ng5 27. Rg1 Bd7 28. Qe2 Rf6 29. Rc1 Rc8 30. Rxc8+ Bxc8 31. Bf2 Rh6 32. Bxh4 Rxh4 33. Qc2 Bd7 34. Qc7 Bf8 35. Qxb7 Qh7 36. Rg2 Rh3 37. a6 Nxf3 38. Nxf3 Rxf3 39. Qb6 Rf1+ 40. Rg1 Qh3 41. Rxf1 Qxf1+ 42. Qg1 Qf3+ 43. Qg2 Qd1+ 44. Qg1 Qf3+ 45. Qg2 Qd1+ 46. Qg1 Qf3+ 47. Qg2 1/2-1/2

[Event "Wch U10"]
[Site "Durban"]
[Date "2014.09.25"]
[Round "7"]
[White "Ciccoli, Theo"]
[Black "Gucaga, Augustas"]
[Result "1-0"]
[WhiteElo "1923"]
[BlackElo "1635"]
[PlyCount "21"]
[EventDate "2014.09.20"]
[EventType "swiss"]
[EventRounds "11"]
[EventCountry "RSA"]
[SourceTitle "CBM 162 Extra"]
[Source "ChessBase"]
[SourceDate "2014.10.17"]
[SourceVersion "1"]
[SourceVersionDate "2014.10.17"]
[SourceQuality "1"]

1. e4 c5 2. Nf3 d6 3. d4 cxd4 4. Nxd4 Nf6 5. Nc3 g6 6. Be3 Bg7 7. f3 0-0 8. Qd2 Nc6 9. 0-0-0 d5 10. Kb1 e6 11. Be2 1-0

[Event "Wch U10"]
[Site "Durban"]
[Date "2014.09.23"]
[Round "6"]
[White "Kushagra, Mohan"]
[Black "Ciccoli, Theo"]
[Result "1-0"]
[WhiteElo "1771"]
[BlackElo "1923"]
[PlyCount "75"]
[EventDate "2014.09.20"]
[EventType "swiss"]
[EventRounds "11"]
[EventCountry "RSA"]
[SourceTitle "CBM 162 Extra"]
[Source "ChessBase"]
[SourceDate "2014.10.17"]
[SourceVersion "1"]
[SourceVersionDate "2014.10.17"]
[SourceQuality "1"]

1. e4 e6 2. d4 d5 3. Nc3 Nf6 4. e5 Nfd7 5. f4 c5 6. Nf3 Nc6 7. Be3 Be7 8. Qd2 0-0 9. Be2 a6 10. dxc5 Bxc5 11. Bxc5 Nxc5 12. Nd4 Bd7 13. Nxc6 bxc6 14. 0-0 Nb7 15. Kh1 c5 16. Bf3 Qc7 17. Rae1 Kh8 18. Qf2 Rae8 19. f5 d4 20. f6 dxc3 21. fxg7+ Kxg7 22. Bxb7 Qd8 23. Be4 f5 24. exf6+ Rxf6 25. Qg3+ Kh8 26. Qh3 h6 27. Qxc3 Ref8 28. Rxf6 Qxf6 29. Qxc5 Bb5 30. h3 Rf7 31. c3 Qh4 32. Qe3 Bd7 33. Rd1 Qh5 34. Bf3 Qg6 35. Qe5+ Kg8 36. Bh5 Qf5 37. Bxf7+ Qxf7 38. Qc7 1-0

[Event "EU Union-ch U10"]
[Site "Kouty nad Desnou"]
[Date "2014.08.28"]
[Round "2"]
[White "Stalmach, Richard"]
[Black "Ciccoli, Theo"]
[Result "0-1"]
[WhiteElo "1586"]
[BlackElo "1878"]
[PlyCount "64"]
[EventDate "2014.08.27"]
[EventType "swiss"]
[EventRounds "9"]
[EventCountry "CZE"]
[SourceTitle "CBM 162 Extra"]
[Source "ChessBase"]
[SourceDate "2014.10.17"]
[SourceVersion "1"]
[SourceVersionDate "2014.10.17"]
[SourceQuality "1"]

1. d4 Nf6 2. c4 c5 3. d5 b5 4. cxb5 a6 5. bxa6 g6 6. Nc3 Bxa6 7. Nf3 d6 8. g3 Bg7 9. Bg2 Nfd7 10. 0-0 Nb6 11. Qc2 N8d7 12. Re1 0-0 13. Bf4 Nc4 14. Rad1 Qa5 15. Bd2 Rfb8 16. Na4 Nxd2 17. Nxd2 Rb4 18. Nc3 Rab8 19. Nb3 Qb6 20. Bh3 Ne5 21. f4 c4+ 22. Nd4 Nd3 23. exd3 Qxd4+ 24. Kh1 Rxb2 25. Qa4 Qxc3 26. Rxe7 Bb5 27. Qa7 Qc2 28. Qg1 Bd4 29. Be6 Bxg1 30. Bxf7+ Kf8 31. Re8+ Rxe8 32. Re1 Qg2# 0-1

[Event "EU Union-ch U10"]
[Site "Malenovice"]
[Date "2013.09.01"]
[Round "5"]
[White "Cholakov, Nikolay"]
[Black "Ciccoli, Theo"]
[Result "1-0"]
[WhiteElo "1506"]
[BlackElo "1664"]
[PlyCount "102"]
[EventDate "2013.08.28"]
[EventType "swiss"]
[EventRounds "9"]
[EventCountry "CZE"]
[SourceTitle "CBM 156 Extra"]
[Source "ChessBase"]
[SourceDate "2013.10.22"]
[SourceVersion "1"]
[SourceVersionDate "2013.10.22"]
[SourceQuality "1"]

1. d4 Nf6 2. c4 c5 3. e3 g6 4. Nc3 Bg7 5. Nf3 0-0 6. Be2 cxd4 7. exd4 d5 8. 0-0 Nc6 9. Be3 dxc4 10. Bxc4 Bg4 11. h3 Bxf3 12. gxf3 Qd7 13. Kg2 Rfd8 14. Qb3 e6 15. Bb5 Nxd4 16. Bxd7 Nxb3 17. axb3 Nxd7 18. Rxa7 Rxa7 19. Bxa7 Ne5 20. Bb6 Rd2 21. Ra1 h5 22. Ra8+ Kh7 23. Ne4 Rd3 24. Ng5+ Kh6 25. Be3 Rxe3 26. fxe3 Kxg5 27. f4+ Kf5 28. fxe5 Bxe5 29. Ra7 Bxb2 30. Kf3 f6 31. Rxb7 e5 32. b4 g5 33. e4+ Ke6 34. b5 Kd6 35. Rf7 Kc5 36. Rh7 g4+ 37. hxg4 hxg4+ 38. Kxg4 Bd4 39. Rb7 Kd6 40. Kf5 Kc5 41. Kxf6 Kd6 42. Kf7 Be3 43. Ke8 Bg5 44. Rd7+ Kc5 45. Rd5+ Kc4 46. Rxe5 Bf4 47. Rd5 Bc7 48. Kd7 Bb6 49. Kc6 Ba5 50. b6 Be1 51. b7 Bg3 1-0

[Event "EU Union-ch U10"]
[Site "Malenovice"]
[Date "2013.08.28"]
[Round "1"]
[White "Ciccoli, Theo"]
[Black "Beranova, Karin"]
[Result "1-0"]
[WhiteElo "1664"]
[BlackElo "1357"]
[PlyCount "75"]
[EventDate "2013.08.28"]
[EventType "swiss"]
[EventRounds "9"]
[EventCountry "CZE"]
[SourceTitle "CBM 156 Extra"]
[Source "ChessBase"]
[SourceDate "2013.10.22"]
[SourceVersion "1"]
[SourceVersionDate "2013.10.22"]
[SourceQuality "1"]

1. c4 e5 2. g3 d5 3. cxd5 Qxd5 4. Nf3 Bc5 5. Nc3 Qc6 6. Bg2 e4 7. Ng5 Bxf2+ 8. Kxf2 Qf6+ 9. Nf3 exf3 10. Bxf3 Ne7 11. d3 0-0 12. Kg2 Nbc6 13. Rf1 h6 14. Nb5 Qe5 15. a4 a6 16. d4 Qe6 17. Nxc7 Qh3+ 18. Kg1 Ra7 19. Nd5 Nxd5 20. Bxd5 Rd8 21. Bxf7+ Kh8 22. e3 b6 23. Qh5 Rf8 24. Qg6 Nb4 25. Bc4 Rxf1+ 26. Bxf1 Qd7 27. Bd2 a5 28. Bxb4 axb4 29. Bd3 Kg8 30. Rf1 Qf7 31. Qh7+ Kf8 32. Qh8+ Ke7 33. Rxf7+ Kxf7 34. Qxc8 Rxa4 35. Qd7+ Kf6 36. Qxa4 h5 37. Qc6+ Kg5 38. Qg6# 1-0

[Event "EU-ch U08"]
[Site "Prague"]
[Date "2012.08.23"]
[Round "7"]
[White "Tsoi, Dmitry"]
[Black "Ciccoli, Theo"]
[Result "1-0"]
[WhiteElo "1895"]
[BlackElo "1595"]
[PlyCount "117"]
[EventDate "2012.08.17"]
[EventType "swiss"]
[EventRounds "9"]
[EventCountry "CZE"]
[SourceTitle "CBM 150 Extra"]
[Source "ChessBase"]
[SourceDate "2012.10.19"]
[SourceVersion "1"]
[SourceVersionDate "2012.10.19"]
[SourceQuality "1"]

1. e4 c5 2. Nf3 d6 3. d4 cxd4 4. Nxd4 Nf6 5. f3 g6 6. c4 Bg7 7. Nc3 0-0 8. Be3 Nc6 9. Be2 Nxd4 10. Bxd4 Be6 11. 0-0 Qa5 12. Qd2 Rfc8 13. b3 b5 14. b4 Qxb4 15. Rab1 Qa5 16. Rxb5 Qd8 17. Nd5 Nxd5 18. cxd5 Bd7 19. Rb7 Bxd4+ 20. Qxd4 Rcb8 21. Rfb1 Rxb7 22. Rxb7 a5 23. Qc3 Rc8 24. Qb2 Rc7 25. Ba6 h6 26. Rb8 Bc8 27. Bb7 Kh7 28. Bc6 e6 29. Qc3 Ra7 30. Qd4 Qc7 31. Rxc8 Qxc8 32. Qxa7 Kg7 33. Qb7 Qxb7 34. Bxb7 Kf6 35. dxe6 fxe6 36. Kf2 Ke5 37. Ke3 d5 38. f4+ Kd6 39. exd5 exd5 40. Kd4 Kc7 41. Bxd5 Kd6 42. g4 a4 43. a3 Ke7 44. Bc6 Kd6 45. Bxa4 Ke6 46. Be8 g5 47. f5+ Kd6 48. a4 h5 49. gxh5 g4 50. f6 Ke6 51. f7 Ke7 52. h6 g3 53. hxg3 Kf8 54. h7 Kg7 55. h8Q+ Kxh8 56. f8Q+ Kh7 57. Bd7 Kg6 58. g4 Kh7 59. Bf5# 1-0